00602nam a2200193Ia 4500008004100000020000700041082001700048100001900065245001900084250000700103260003900110300001800149500001900167600002100186650005000207942000700257952012900264999001500393240925s9999 xx 000 0 und d aNA a005.7565 EDW aEdward, Honour 0aOracle How-to  aNA aIndia:bTechmedia publicationscNA a782p.bNAfNA aIncludes Index aComputer Science aComputer science, information & general works cBK 011440708CSaUITUbUITUd1998-02-06eAnwer Book Bindg740.00l0o005.7565 EDWpQ1697r2024-09-25 07:12:31w2024-09-25yBK c4196d4196